Stati tra 15 000 000 e 20 000 000 abitanti - Statistics

Statistiche generali
  • Questo quiz è stato fatto 8 volte
  • Il punteggio medio è 8 su 12
Statistiche sulle risposte
Popolazione (ab.) Continente Nazione % Corretto
19 960 889 America del Sud Cile
100%
16 938 986 America del Sud Ecuador
100%
20 000 000 Asia / Europa Kazakistan
80%
17 590 000 Europa Paesi Bassi
80%
190 51 562 Europa Romania
80%
19 610 769 Africa Zambia
80%
17 414 717 Africa Ciad
60%
17 602 431 America del Nord Guatemala
60%
18 275 743 Afirca Senegal
60%
18 143 379 Africa Somalia
60%
15 178 979 Africa Zimbabwe
40%
17 091 464 Asia Cambogia
0%
Nessun quiz corrispondente trovato
Distribuzione punteggi
Percentuale di utenti per punteggio
Percentile per numero di risposta
I tuoi punteggi nel tempo
Non hai fatto questo quiz